[Event "RUS-ch Blitz"]
[Site "Sochi"]
[Date "2023.10.14"]
[Round "7"]
[White "Shakun, Arkadiy"]
[Black "Vetokhin, Savva"]
[Result "0-1"]
[WhiteElo "2135"]
[BlackElo "2400"]
[PlyCount "88"]
[EventDate "2023.10.14"]
[EventType "swiss (blitz)"]
[EventRounds "13"]
[EventCountry "RUS"]
[SourceTitle "Mega2024 Update 01"]
[Source "Chessbase"]
[SourceDate "2023.11.12"]
[SourceVersion "1"]
[SourceVersionDate "2023.11.12"]
[SourceQuality "1"]

1. e4 c5 2. Nf3 e6 3. c3 d5 4. e5 d4 5. d3 Nc6 6. g3 Nge7 7. Bg2 Ng6 8. Qe2 Qc7 9. Na3 a6 10. 0-0 Be7 11. Re1 0-0 12. h4 f6 13. exf6 Bxf6 14. h5 Nge5 15. Nxe5 Qxe5 16. Bxc6 Qxe2 17. Rxe2 bxc6 18. Nc4 dxc3 19. bxc3 Bxc3 20. Bb2 Bd4 21. Bxd4 cxd4 22. Ne5 c5 23. Rc1 Rb8 24. Rxc5 Rb1+ 25. Kg2 Bb7+ 26. f3 Bd5 27. Ra5 Rb6 28. Ra4 Rfb8 29. Rxd4 Rb2 30. Kf2 Rxe2+ 31. Kxe2 Rb2+ 32. Ke3 Rxa2 33. Rb4 Kf8 34. Rb8+ Ke7 35. Rg8 g6 36. hxg6 hxg6 37. Rxg6 a5 38. f4 a4 39. Rg7+ Kf8 40. Ra7 a3 41. Ng6+ Ke8 42. Kd4 Ra1 43. Kc3 a2 44. Kb2 Rb1+ 0-1

[Event "Dzhubga Blitz op"]
[Site "Dzhubga"]
[Date "2023.08.13"]
[Round "5"]
[White "Shakun, Arkadiy"]
[Black "Khripachenko, Alexander"]
[Result "0-1"]
[WhiteElo "2135"]
[BlackElo "2158"]
[PlyCount "114"]
[EventDate "2023.08.13"]
[EventType "swiss (blitz)"]
[EventRounds "13"]
[EventCountry "RUS"]
[SourceTitle "CBM 215 Extra"]
[Source "ChessBase"]
[SourceDate "2023.09.30"]
[SourceVersion "1"]
[SourceVersionDate "2023.09.30"]
[SourceQuality "1"]

1. e4 e5 2. Nf3 Nf6 3. Nxe5 d6 4. Nf3 Nxe4 5. Nc3 Nf6 6. d4 g6 7. Qe2+ Qe7 8. Qxe7+ Bxe7 9. Bd3 0-0 10. h3 Nc6 11. a3 Be6 12. 0-0 Nd5 13. Ne2 Nb6 14. b3 Bf6 15. Bb2 a5 16. Nf4 Bd7 17. c4 Ne7 18. g4 Rfe8 19. Rab1 a4 20. b4 c6 21. Rfc1 Bg7 22. Kg2 Bh6 23. Kg3 Rad8 24. Rc2 d5 25. c5 Nc4 26. Bxc4 dxc4 27. Rxc4 Nd5 28. Nxd5 cxd5 29. Rc2 Bb5 30. Re1 Re4 31. Rxe4 dxe4 32. Ne5 e3 33. fxe3 Bxe3 34. Nc4 Bxd4 35. Nd6 Bxb2 36. Rxb2 Bc6 37. Re2 Rd7 38. Re8+ Kg7 39. Rb8 Re7 40. Kf4 h6 41. h4 f6 42. h5 g5+ 43. Kg3 Re3+ 44. Kf2 Rxa3 45. Nxb7 Rb3 46. Nd6 a3 47. Rb6 Bd5 48. Nf5+ Kf7 49. Ra6 Rb2+ 50. Ke3 a2 51. Ra7+ Ke8 52. Kd4 Rd2+ 53. Kc3 Rd1 54. Nd6+ Kf8 55. b5 a1Q+ 56. Rxa1 Rxa1 57. b6 Bc6 0-1

[Event "Dzhubga Blitz op"]
[Site "Dzhubga"]
[Date "2023.08.13"]
[Round "3"]
[White "Shakun, Arkadiy"]
[Black "Zakaryan, David"]
[Result "0-1"]
[WhiteElo "2135"]
[BlackElo "2296"]
[PlyCount "110"]
[EventDate "2023.08.13"]
[EventType "swiss (blitz)"]
[EventRounds "13"]
[EventCountry "RUS"]
[SourceTitle "CBM 215 Extra"]
[Source "ChessBase"]
[SourceDate "2023.09.30"]
[SourceVersion "1"]
[SourceVersionDate "2023.09.30"]
[SourceQuality "1"]

1. e4 c5 2. Nf3 e6 3. c3 d5 4. e5 d4 5. d3 Nc6 6. g3 Nge7 7. Bg2 Nf5 8. 0-0 Be7 9. a4 Bd7 10. Na3 0-0 11. Nc4 Na5 12. Nxa5 Qxa5 13. c4 Bc6 14. Nd2 Qc7 15. Bxc6 Qxc6 16. Nf3 b6 17. Bf4 a6 18. g4 Nh6 19. Bxh6 gxh6 20. Qe2 Kh8 21. h3 Rg8 22. Kh2 Raf8 23. Nd2 f5 24. exf6 Rxf6 25. Ne4 Rf4 26. f3 h5 27. Rg1 Qc7 28. Kh1 hxg4 29. Rxg4 Rgxg4 30. fxg4 Bh4 31. Rf1 Qf7 32. Rxf4 Qxf4 33. Kg2 Kg7 34. b3 h6 35. Nd2 Bd8 36. Ne4 Bc7 37. Qf3 Qh2+ 38. Kf1 Bf4 39. Ke1 Kg6 40. Kf1 e5 41. Nf2 Kg5 42. Ne4+ Kh4 43. g5 h5 44. g6 Bh6 45. Qf2+ Qxf2+ 46. Kxf2 Kxh3 47. Nf6 h4 48. Nh5 Kg4 49. g7 Bxg7 50. Nxg7 e4 51. dxe4 h3 52. e5 h2 53. Kg2 d3 54. Ne8 d2 55. Nf6+ Kh4 0-1

[Event "Dzhubga Rapid op"]
[Site "Dzhubga"]
[Date "2023.08.11"]
[Round "6"]
[White "Davydov, Nikita"]
[Black "Shakun, Arkadiy"]
[Result "0-1"]
[WhiteElo "1680"]
[BlackElo "2135"]
[PlyCount "36"]
[EventDate "2023.08.10"]
[EventType "swiss (rapid)"]
[EventRounds "11"]
[EventCountry "RUS"]
[SourceTitle "CBM 215 Extra"]
[Source "ChessBase"]
[SourceDate "2023.09.30"]
[SourceVersion "1"]
[SourceVersionDate "2023.09.30"]
[SourceQuality "1"]

1. e4 e6 2. d3 d5 3. Nd2 Nf6 4. Ngf3 Be7 5. g3 c5 6. Bg2 Nc6 7. 0-0 b6 8. Re1 Bb7 9. e5 Nd7 10. Nf1 Qc7 11. Bf4 0-0-0 12. h4 h6 13. h5 Rdg8 14. c3 g5 15. hxg6 fxg6 16. d4 g5 17. Be3 g4 18. N3d2 h5 0-1

[Event "Dzhubga Rapid op"]
[Site "Dzhubga"]
[Date "2023.08.11"]
[Round "7"]
[White "Shakun, Arkadiy"]
[Black "Dolgopolov, Egor"]
[Result "0-1"]
[WhiteElo "2135"]
[BlackElo "1588"]
[PlyCount "108"]
[EventDate "2023.08.10"]
[EventType "swiss (rapid)"]
[EventRounds "11"]
[EventCountry "RUS"]
[SourceTitle "CBM 215 Extra"]
[Source "ChessBase"]
[SourceDate "2023.09.30"]
[SourceVersion "1"]
[SourceVersionDate "2023.09.30"]
[SourceQuality "1"]

1. e4 c5 2. Nf3 a6 3. d4 cxd4 4. Nxd4 Nf6 5. Bd3 e5 6. Nf3 d5 7. Nbd2 Nc6 8. 0-0 Bc5 9. h3 0-0 10. c3 Qc7 11. exd5 Nxd5 12. Nb3 Qd6 13. Ng5 f5 14. Bc4 Nce7 15. Qh5 h6 16. Rd1 Ba7 17. Bxd5+ Nxd5 18. c4 Qb6 19. Qe2 Nf6 20. c5 Qc7 21. Nf3 e4 22. Nfd4 Bd7 23. g3 Kh7 24. Bf4 Qc8 25. Rac1 Bb8 26. Qd2 Bxf4 27. Qxf4 Ng8 28. Nc2 Bc6 29. Ne3 Ne7 30. Nc4 Ng6 31. Qd6 f4 32. g4 Qe8 33. Nb6 Rd8 34. Qxd8 Qxd8 35. Rxd8 Rxd8 36. Nc4 Rd3 37. Nd6 Rxh3 38. Na5 Ne5 39. Nxc6 Nf3+ 40. Kf1 Rh1+ 41. Ke2 Rxc1 42. Nxe4 bxc6 43. Kxf3 g5 44. Nf6+ Kg6 45. Nd7 Kf7 46. b4 Ke6 47. Nb8 Kd5 48. a4 a5 49. Na6 Rc3+ 50. Ke2 axb4 51. Nxb4+ Kxc5 52. Na6+ Kb6 53. Nb8 Rc2+ 54. Kf3 Rd2 0-1

[Event "Novorossiysk Small Land op"]
[Site "Novorossiysk"]
[Date "2023.07.24"]
[Round "8"]
[White "Mezhov, Dmitriy"]
[Black "Shakun, Arkadiy"]
[Result "0-1"]
[WhiteElo "1869"]
[BlackElo "2048"]
[PlyCount "90"]
[EventDate "2023.07.17"]
[EventType "swiss"]
[EventRounds "9"]
[EventCountry "RUS"]
[SourceTitle "CBM 215 Extra"]
[Source "ChessBase"]
[SourceDate "2023.09.30"]
[SourceVersion "1"]
[SourceVersionDate "2023.09.30"]
[SourceQuality "1"]

1. e4 e6 2. d4 d5 3. exd5 exd5 4. Nf3 c6 5. Bd3 Bd6 6. 0-0 Ne7 7. Nc3 0-0 8. Ne2 Qc7 9. Ng3 Nd7 10. Re1 f6 11. c4 dxc4 12. Bxc4+ Kh8 13. Ne4 Nb6 14. Bb3 Nbd5 15. Nc5 Re8 16. Bxd5 cxd5 17. Qa4 Bg4 18. Ne6 Qc6 19. Qxc6 Nxc6 20. Bf4 Rxe6 21. Rxe6 Bxf4 22. Ree1 Bxf3 23. gxf3 Nxd4 24. Re7 Nxf3+ 25. Kg2 Ne5 26. Rd1 d4 27. Rxb7 d3 28. Rb4 g5 29. a4 Rc8 30. a5 Rc2 31. Kf1 Nc6 32. Rb7 d2 33. Ke2 Nxa5 34. Rxa7 Nb3 35. Rd7 Rxb2 36. h4 Rc2 37. hxg5 fxg5 38. Rb1 Rc1 39. Rxb3 Re1+ 40. Kf3 d1Q+ 41. Rxd1 Rxd1 42. Kg4 Rd7 43. Rb6 Kg7 44. f3 Rd1 45. Kf5 Rh1 0-1

[Event "Novorossiysk Small Land op"]
[Site "Novorossiysk"]
[Date "2023.07.19"]
[Round "3"]
[White "Shakun, Arkadiy"]
[Black "Grebnev, Aleksey"]
[Result "1/2-1/2"]
[WhiteElo "2048"]
[BlackElo "2488"]
[PlyCount "139"]
[EventDate "2023.07.17"]
[EventType "swiss"]
[EventRounds "9"]
[EventCountry "RUS"]
[SourceTitle "CBM 215 Extra"]
[Source "ChessBase"]
[SourceDate "2023.09.30"]
[SourceVersion "1"]
[SourceVersionDate "2023.09.30"]
[SourceQuality "1"]

1. e4 c5 2. Nf3 Nc6 3. Bb5 e5 4. 0-0 Bd6 5. Bxc6 dxc6 6. d3 Ne7 7. Nbd2 Ng6 8. Nc4 Bc7 9. Be3 Qe7 10. a3 0-0 11. Qe1 Bg4 12. Ncd2 f6 13. Qb1 a5 14. Qa2+ Kh8 15. Qc4 Bd6 16. a4 Rfd8 17. b3 b6 18. Qc3 Bc7 19. Kh1 Nf8 20. Ng1 Ne6 21. f3 Bh5 22. Ne2 b5 23. Ng3 Bf7 24. Nf5 Qf8 25. g4 Nd4 26. Rf2 Rab8 27. Rg2 Be6 28. Rf2 Rb7 29. Rg2 Rd7 30. g5 fxg5 31. Rxg5 b4 32. Qb2 Bd8 33. Rg2 Bxf5 34. exf5 Nxf5 35. Re1 Bh4 36. Ree2 Nd4 37. Bxd4 exd4 38. Re4 Bf6 39. Qc1 h6 40. Qe1 Re7 41. Nc4 Bg5 42. Qe2 Rxe4 43. fxe4 Rf7 44. Ne5 Rf6 45. Ng4 Rf1+ 46. Rg1 Rf4 47. Kg2 h5 48. Ne5 Qe8 49. Nf3 Bh6 50. Rf1 Rg4+ 51. Kh1 Be3 52. Ne1 c4 53. bxc4 c5 54. h3 Rg3 55. Kh2 Qg6 56. Ng2 Kg8 57. Rf3 Rxf3 58. Qxf3 Bg5 59. e5 Qe6 60. Qe4 Qf7 61. e6 Qf8 62. Qe5 Bf6 63. Qxh5 Qd6+ 64. Kg1 Qxe6 65. Qxc5 Qe2 66. Qc8+ Kf7 67. Qd7+ Kg8 68. Qc8+ Kh7 69. Qf5+ Kg8 70. Qc8+ 1/2-1/2

[Event "Novorossiysk Small Land Blitz"]
[Site "Novorossiysk"]
[Date "2022.07.17"]
[Round "11"]
[White "Savitskiy, Sergey"]
[Black "Shakun, Arkadiy"]
[Result "1-0"]
[WhiteElo "2414"]
[BlackElo "2014"]
[PlyCount "89"]
[EventDate "2022.07.17"]
[EventType "swiss (blitz)"]
[EventRounds "13"]
[EventCountry "RUS"]
[SourceTitle "CBM 209 Extra"]
[Source "ChessBase"]
[SourceDate "2022.09.30"]
[SourceVersion "1"]
[SourceVersionDate "2022.09.30"]
[SourceQuality "1"]

1. e4 e6 2. Nc3 d5 3. Nf3 Nf6 4. e5 Nfd7 5. Ne2 c5 6. c3 c4 7. d4 cxd3 8. Ned4 Nc6 9. Nxc6 bxc6 10. Bxd3 Qc7 11. Bf4 Be7 12. 0-0 0-0 13. Re1 c5 14. c4 d4 15. Bc2 Bb7 16. Qd3 g6 17. h4 f5 18. exf6 Bd6 19. Bxd6 Qxd6 20. Ng5 Rxf6 21. Ne4 Bxe4 22. Qxe4 Raf8 23. Re2 e5 24. g3 Re6 25. Qd5 Qxd5 26. cxd5 Rd6 27. Bb3 Rc8 28. Rc1 Nb6 29. Rxe5 c4 30. Bd1 Rxd5 31. Rxd5 Nxd5 32. Be2 Nb6 33. Kf1 d3 34. Bg4 Re8 35. a4 Re5 36. Bf3 a5 37. Rb1 Nxa4 38. b3 Nc3 39. Rc1 Ne2 40. Rxc4 d2 41. Bxe2 Rb5 42. Bd1 Re5 43. Be2 Rb5 44. Rd4 Rxb3 45. Bc4+ 1-0

[Event "Novorossiysk Small Land Blitz"]
[Site "Novorossiysk"]
[Date "2022.07.17"]
[Round "2"]
[White "Smirnov, Pavel"]
[Black "Shakun, Arkadiy"]
[Result "1-0"]
[WhiteElo "2544"]
[BlackElo "2014"]
[PlyCount "51"]
[EventDate "2022.07.17"]
[EventType "swiss (blitz)"]
[EventRounds "13"]
[EventCountry "RUS"]
[SourceTitle "CBM 209 Extra"]
[Source "ChessBase"]
[SourceDate "2022.09.30"]
[SourceVersion "1"]
[SourceVersionDate "2022.09.30"]
[SourceQuality "1"]

1. e4 e6 2. d4 d5 3. Nd2 Be7 4. Ngf3 Nf6 5. e5 Nfd7 6. Be2 c5 7. c3 Nc6 8. 0-0 0-0 9. Re1 f6 10. exf6 Bxf6 11. Nf1 e5 12. dxe5 Ndxe5 13. Ng3 Be6 14. Nh5 Bf7 15. Nxf6+ Qxf6 16. Ng5 Rad8 17. f4 Nd7 18. Bg4 Rfe8 19. Rxe8+ Bxe8 20. Qxd5+ Kh8 21. Qe6 Qf8 22. Qe2 Bf7 23. Be3 Nf6 24. Bf3 Ne7 25. Bxc5 Qe8 26. Qxe7 1-0

[Event "Anapa Sea Harbor Cup"]
[Site "Anapa"]
[Date "2022.06.07"]
[Round "6"]
[White "Shakun, Arkadiy"]
[Black "Khripachenko, Alexander"]
[Result "0-1"]
[WhiteElo "1946"]
[BlackElo "2166"]
[PlyCount "36"]
[EventDate "2022.06.02"]
[EventType "swiss"]
[EventRounds "9"]
[EventCountry "RUS"]
[SourceTitle "CBM 208 Extra"]
[Source "ChessBase"]
[SourceDate "2022.07.31"]
[SourceVersion "1"]
[SourceVersionDate "2022.07.31"]
[SourceQuality "1"]

1. e4 c5 2. Nf3 d6 3. d4 cxd4 4. Qxd4 Nc6 5. Bb5 Bd7 6. Bxc6 Bxc6 7. c4 f5 8. Nc3 fxe4 9. Ng5 e5 10. Qe3 Nf6 11. Ngxe4 Nxe4 12. Nxe4 Qh4 13. Ng5 Qxc4 14. b3 Qg4 15. f3 Qxg2 16. Rg1 Qxh2 17. Ne6 Qh4+ 18. Kd1 Qe7 0-1

[Event "Malaya Zemlya op"]
[Site "Novorossiysk"]
[Date "2021.07.18"]
[Round "7"]
[White "Aleksandrov, Danila"]
[Black "Shakun, Arkadiy"]
[Result "1/2-1/2"]
[WhiteElo "2199"]
[BlackElo "1932"]
[PlyCount "90"]
[EventDate "2021.07.12"]
[EventType "swiss"]
[EventRounds "9"]
[EventCountry "RUS"]
[SourceTitle "CBM 203 Extra"]
[Source "ChessBase"]
[SourceDate "2021.09.30"]
[SourceVersion "1"]
[SourceVersionDate "2021.09.30"]
[SourceQuality "1"]

1. e4 e6 2. d4 d5 3. exd5 exd5 4. Nf3 Nf6 5. Bg5 Bd6 6. c4 Bg4 7. Qe2+ Be6 8. Bxf6 gxf6 9. c5 Bf4 10. g3 Bh6 11. Bg2 Nc6 12. Nc3 Qd7 13. b4 a6 14. 0-0 0-0 15. Qb2 f5 16. a4 f4 17. b5 Na5 18. Ne5 Qd8 19. Qb4 f6 20. Nd3 Nc4 21. Nxf4 Bxf4 22. gxf4 a5 23. Qb1 Kh8 24. f5 Bf7 25. Qd3 Rg8 26. Kh1 Qd7 27. Rg1 c6 28. b6 Rg5 29. Bh3 Rag8 30. Rg3 Bh5 31. Rag1 Qe7 32. Rxg5 Rxg5 33. Rxg5 fxg5 34. Qg3 Qe1+ 35. Kg2 Nd2 36. Qb8+ Kg7 37. Qc7+ Kh6 38. Qd6+ Kg7 39. Qc7+ Kh6 40. Qd6+ Kg7 41. Qc7+ Kh6 42. Qd6+ Kg7 43. f6+ Kf7 44. Qe7+ Qxe7 45. fxe7 Kg6 1/2-1/2

[Event "Malaya Zemlya op"]
[Site "Novorossiysk"]
[Date "2021.07.16"]
[Round "5"]
[White "Shakun, Arkadiy"]
[Black "Khripachenko, Alexander"]
[Result "1/2-1/2"]
[WhiteElo "1932"]
[BlackElo "2149"]
[PlyCount "192"]
[EventDate "2021.07.12"]
[EventType "swiss"]
[EventRounds "9"]
[EventCountry "RUS"]
[SourceTitle "CBM 203 Extra"]
[Source "ChessBase"]
[SourceDate "2021.09.30"]
[SourceVersion "1"]
[SourceVersionDate "2021.09.30"]
[SourceQuality "1"]

1. e4 g6 2. d4 Bg7 3. f4 c5 4. d5 d6 5. Nf3 Nf6 6. Nc3 0-0 7. Be2 Bg4 8. h3 Bxf3 9. Bxf3 Nfd7 10. 0-0 Na6 11. a4 Nc7 12. Bd2 a6 13. a5 b5 14. axb6 Nxb6 15. Be2 Qb8 16. Ra5 Nd7 17. Qa1 Qb7 18. Qa4 Nb6 19. Qa2 Rfb8 20. Ra1 Nd7 21. b3 c4 22. Bxc4 Qb4 23. Qa4 Qb6+ 24. Kf1 Nc5 25. Qc6 Qa7 26. Rxc5 dxc5 27. e5 Rb6 28. Qd7 Rb7 29. Qg4 Rd8 30. Be3 Kh8 31. Ra5 Qb6 32. Rxc5 f6 33. Na4 Qb4 34. Bc1 Ra7 35. Qe2 fxe5 36. fxe5 Qb8 37. Bb2 Nb5 38. Rc6 Rf8+ 39. Kg1 Ra8 40. Nb6 Qa7 41. Kh2 Rab8 42. Qe3 Rbd8 43. Qe2 Rb8 44. Bxb5 axb5 45. Bd4 Qb7 46. Qxb5 Rf4 47. c3 h5 48. Rxg6 Rg8 49. Qe2 Rf5 50. Qe4 Rgf8 51. e6 Qc7+ 52. Rg3 Rg5 53. Bxg7+ Rxg7 54. Qh4 Rxg3 55. Qxg3 Qxb6 56. Qe5+ Rf6 57. Qxh5+ Kg7 58. Qg5+ Kf8 59. Qh5 Qc7+ 60. Kg1 Qc5+ 61. Kh2 Qd6+ 62. Kg1 Qb6+ 63. Kh2 Qb8+ 64. Kg1 Qa7+ 65. Kh2 Qc7+ 66. Kg1 Kg7 67. Qg4+ Kf8 68. Qh5 Qc5+ 69. Kh2 Qd6+ 70. Kg1 Kg7 71. Qg4+ Rg6 72. Qd4+ Kg8 73. Qe4 Rg5 74. c4 Qb6+ 75. Kh2 Qb8+ 76. Kh1 Qxb3 77. Qf4 Qg3 78. Qf7+ Kh8 79. Qf8+ Kh7 80. Qf7+ Kh6 81. Qf8+ Rg7 82. Qh8+ Kg6 83. Qf8 Kh7 84. Qf5+ Kh6 85. Qc2 Qe1+ 86. Kh2 Qe5+ 87. Kh1 Rg3 88. Qf2 Qa1+ 89. Kh2 Rg7 90. Qh4+ Kg6 91. Qg4+ Kh6 92. Qf4+ Kg6 93. Qg4+ Kh6 94. Qh4+ Kg6 95. Qg4+ Kh7 96. Qf4 Kg6 1/2-1/2

[Event "Malaya Zemlya Blitz op"]
[Site "Novorossiysk"]
[Date "2021.07.09"]
[Round "7"]
[White "Rozum, Ivan"]
[Black "Shakun, Arkadiy"]
[Result "1-0"]
[WhiteElo "2542"]
[BlackElo "1932"]
[PlyCount "101"]
[EventDate "2021.07.09"]
[EventType "swiss (blitz)"]
[EventRounds "13"]
[EventCountry "RUS"]
[SourceTitle "CBM 203 Extra"]
[Source "ChessBase"]
[SourceDate "2021.09.30"]
[SourceVersion "1"]
[SourceVersionDate "2021.09.30"]
[SourceQuality "1"]

1. Nf3 Nf6 2. g3 g6 3. b3 Bg7 4. Bb2 0-0 5. Bg2 d6 6. d4 c5 7. c4 Nc6 8. 0-0 Bf5 9. Nc3 Ne4 10. e3 Nxc3 11. Bxc3 Be4 12. Rc1 Qc7 13. d5 Bxf3 14. Bxf3 Bxc3 15. dxc6 Be5 16. cxb7 Rab8 17. Qd2 Rfd8 18. Rfd1 d5 19. cxd5 Rxb7 20. Rc4 Qb6 21. h4 h5 22. Kg2 Kg7 23. Qc2 Rc7 24. Rc1 Rdc8 25. Qd2 Rd8 26. Qc2 Rdc8 27. Qe4 Qf6 28. Ra4 Qd6 29. Qc4 Qb6 30. Qc2 Qb5 31. Re4 Bf6 32. Rc4 Be5 33. Be4 Qb6 34. f4 Bd6 35. Bd3 e6 36. dxe6 Be7 37. exf7 Kxf7 38. Be4 Rd7 39. Rd1 Rcd8 40. Rxd7 Rxd7 41. Rc3 Qd6 42. Rd3 Qc7 43. Bxg6+ Kg7 44. Rxd7 Qxd7 45. Bxh5 Qd5+ 46. Bf3 Qe6 47. Qe4 Qf6 48. h5 Bd6 49. g4 Qb2+ 50. Kg3 Be7 51. Qxe7+ 1-0